01666nam a2200373Ia 4500001001200000003000800012006001900020007001500039008004100054010001700095020001500112020002800127020003500155040002100190035002100211050002600232082001600258100003000274245016800304260003200472300001600504500015500520504005100675533015200726650004900878650005000927651005200977651004701029655002901076700002701105710001701132856012601149999001701275ebr10057609CaPaEBRm u cr cn|||||||||950808s1996 enk sb 001 0 eng d z 95025092  z0203430131 z0415118026 (alk. paper) z0415118034 (pbk. : alk. paper) aCaPaEBRcCaPaEBR a(OCoLC)64737428614aJN96.A979bP75 1996eb04a324.2472201 aPridham, Geoffrey,d1942-10aStabilising fragile democracticsh[electronic resource] :bcomparing new party systems in southern and eastern Europe /cedited by Geoffrey Pridham and Paul Lewis. aLondon :bRoutledge,c1996. axiv, 273 p. a"In association with the Centre for Mediterranean Studies, University of Bristol, and the East-West Programme of the Economic Social Research Council. aIncludes bibliographical references and index. aElectronic reproduction.bPalo Alto, Calif. :cebrary,d2007.nAvailable via World Wide Web.nAccess may be limited to ebrary affiliated libraries. 0aPolitical partieszEurope, EasternxHistory. 0aPolitical partieszEurope, SouthernxHistory. 0aEurope, EasternxPolitics and governmenty1989- 0aEurope, SouthernxPolitics and government. 7aElectronic books.2local1 aLewis, Paul G.,d1945-2 aebrary, Inc.40uhttp://site.ebrary.com/lib/rucke/Doc?id=10057609zAn electronic book accessible through the World Wide Web; click to view c71804d71804